Normal view
MARC view
Entry Personal Name
001 - CONTROL NUMBER
- control field: 699918
003 - CONTROL NUMBER IDENTIFIER
- control field: OSt
005 - DATE AND TIME OF LATEST TRANSACTION
- control field: 20221007082944.0
008 - FIXED-LENGTH DATA ELEMENTS
- fixed length control field: 221007|| aca||aabn | a|a d
040 ## - CATALOGING SOURCE
- Original cataloging agency: OSt
- Transcribing agency: OSt
100 ## - HEADING--PERSONAL NAME
- Personal name: KUMAR Mritunjay
670 ## - SOURCE DATA FOUND
- Source citation: Work cat.: (OSt)1168302: KUMAR Mritunjay, Principle of common heritage of mankind vis-a-vis ownership and exploitation of outer space, 2016
